| 000 | 00405nam a2200133Ia 4500 | ||
|---|---|---|---|
| 008 | 160114s9999 xx 000 0 und d | ||
| 020 | _a0-316014877 | ||
| 050 | _aFic | ||
| 050 | _b.C784j 2006 | ||
| 100 | _aConford, Ellen | ||
| 245 |
_aJennt Archer, author _cby Ellen Conford ; illustrated by Diane Palmisciano. |
||
| 260 |
_aUSA : _bLittle, Brown _c2006 |
||
| 300 |
_a61 pages; _billustrations ; _c22 cm. |
||
| 999 |
_c290402 _d290402 |
||